Simplified design of structural steel. (Record no. 546844)

000 -LEADER
fixed length control field 00598pam a2200193 4500
020 ## - INTERNATIONAL STANDARD BOOK NUMBER
International Standard Book Number 0471664324
082 00 - DEWEY DECIMAL CLASSIFICATION NUMBER
Classification number 624.1821
Author Mark PAR
100 1# - MAIN ENTRY--PERSONAL NAME
Personal name Parker, Harry,
9 (RLIN) 40845
245 10 - TITLE STATEMENT
Title Simplified design of structural steel.
Statement of responsibility, etc. 4th ed. prepared by Harold D. Hauf.
260 ## - PUBLICATION, DISTRIBUTION, ETC.
Place of publication, distribution, etc. New York,
Name of publisher, distributor, etc. Wiley
Date of publication, distribution, etc. [1974]
300 ## - PHYSICAL DESCRIPTION
Extent xiv, 326 p.
Other physical details illus.
Dimensions 22 cm.
500 ## - GENERAL NOTE
General note "A Wiley-Interscience publication."
526 ## - STUDY PROGRAM INFORMATION NOTE
Program name 0
Interest level 0
Reading level 0
Title point value 624_182100000000000_PAR
650 #0 - SUBJECT ADDED ENTRY--TOPICAL TERM
Topical term or geographic name entry element Building, Iron and steel.
650 #0 - SUBJECT ADDED ENTRY--TOPICAL TERM
Topical term or geographic name entry element MCE
9 (RLIN) 379
650 #0 - SUBJECT ADDED ENTRY--TOPICAL TERM
Topical term or geographic name entry element Steel, Structural.
700 1# - ADDED ENTRY--PERSONAL NAME
Personal name Hauf, Harold Dana.
9 (RLIN) 43043
942 ## - ADDED ENTRY ELEMENTS (KOHA)
Source of classification or shelving scheme
Koha item type Book
Holdings
Withdrawn status Lost status Source of classification or shelving scheme Damaged status Not for loan Permanent Location Current Location Date acquired Total Checkouts Total Renewals Full call number Barcode Date last seen Date last checked out Price effective from Koha item type
          Military College of Engineering (MCE) Military College of Engineering (MCE) 06/20/2014 2 2 624.1821 PAR MCE-43099 12/28/2020 12/28/2020 06/20/2014 Book
© 2023 Central Library, National University of Sciences and Technology. All Rights Reserved.